Community development of world vision cambodia in oudong district kampong speu province, ការអភិវឌ្ឍន៍សហគមន៍របស់អង្គការទស្សនៈពិភពលោកកម្ពុជានៅឧដុង្គ ខេត្តកំពង់ស្ពឺ (Record no. 1369)
[ view plain ]
| 000 -LEADER | |
|---|---|
| fixed length control field | 00670nam a22001577a 4500 |
| 003 - CONTROL NUMBER IDENTIFIER | |
| control field | OSt |
| 005 - DATE AND TIME OF LATEST TRANSACTION | |
| control field | 20150927164128.0 |
| 008 - FIXED-LENGTH DATA ELEMENTS--GENERAL INFORMATION | |
| fixed length control field | 150927b xxu||||| |||| 00| 0 eng d |
| 040 ## - CATALOGING SOURCE | |
| Transcribing agency | RUA |
| 082 ## - DEWEY DECIMAL CLASSIFICATION NUMBER | |
| Classification number | ATM.Sp CHH 2003 BO58 Or.1 |
| 100 ## - MAIN ENTRY--PERSONAL NAME | |
| 9 (RLIN) | 1457 |
| Personal name | CHHUM, SOKHENG. |
| 245 ## - TITLE STATEMENT | |
| Title | Community development of world vision cambodia in oudong district kampong speu province, ការអភិវឌ្ឍន៍សហគមន៍របស់អង្គការទស្សនៈពិភពលោកកម្ពុជានៅឧដុង្គ ខេត្តកំពង់ស្ពឺ |
| 260 ## - PUBLICATION, DISTRIBUTION, ETC. (IMPRINT) | |
| Place of publication, distribution, etc. | Phnom Penh |
| Name of publisher, distributor, etc. | RUA |
| Date of publication, distribution, etc. | 2003 |
| 300 ## - PHYSICAL DESCRIPTION | |
| Extent | 67p. |
| Other physical details | ill. |
| Dimensions | 29cm. |
| 942 ## - ADDED ENTRY ELEMENTS (KOHA) | |
| Source of classification or shelving scheme | |
| Koha item type | ATM.s |
| Price effective from | Date last seen | Permanent Location | Not for loan | Date acquired | Source of classification or shelving scheme | Koha item type | Barcode | Lost status | Damaged status | Shelving location | Withdrawn status | Current Location | Full call number |
|---|---|---|---|---|---|---|---|---|---|---|---|---|---|
| 2015-09-27 | 2015-09-27 | Library Block B | 2015-09-27 | ATM.s | RUA001469 | B058 | Library Block B | ATM.Sp CHH 2003 BO58 Or.1 | |||||
| 2015-09-27 | 2015-09-27 | Library Block B | 2015-09-27 | ATM.s | RUA001364 | B058 | Library Block B | ATM.Sp CHH 2003 BO58 Or.2 | |||||
| 2015-09-27 | 2015-09-27 | Library Block B | 2015-09-27 | ATM.s | RUA001158 | B058 | Library Block B | ATM.Sp CHH 2003 BO58 Or.3 | |||||
| 2015-09-27 | 2015-09-27 | Library Block B | 2015-09-27 | ATM.s | RUA001092 | B058 | Library Block B | ATM.Sp CHH 2003 BO58 Or.4 | |||||
| 2015-09-27 | 2015-09-27 | Library Block B | 2015-09-27 | ATM.s | RUA001232 | B058 | Library Block B | ATM.Sp CHH 2003 BO58 Or.5 | |||||
| 2015-09-27 | 2015-09-27 | Library Block B | 2015-09-27 | ATM.s | RUA001612 | B058 | Library Block B | ATM.Sp CHH 2003 BO58 Or.6 |